书目信息 |
| 题名: |
新音乐
|
|
| 作者: | 布林德尔 , Brindle 著 ;黄枕宇 译 | |
| 分册: | ||
| 出版信息: | 北京 人民音乐出版社 2001 |
|
| 页数: | 269页 | |
| 开本: | 21cm | |
| 丛书名: | ||
| 单 册: | ||
| 中图分类: | J609.15 | |
| 科图分类: | ||
| 主题词: | 先锋派--音乐史--世界--现代 , CT--S081150--先锋派 , CT--S088933--音乐史 | |
| 电子资源: | ||
| ISBN: | 7-103-02133-3 | |
| 000 | 01093nam0 2200289 45 | |
| 001 | 012001097385 | |
| 005 | 20070803112758.81 | |
| 010 | @a7-103-02133-3@dCNY17.00 | |
| 100 | @a20011204d2001 em y0chiy0110 ea | |
| 101 | 1 | @achi@ceng |
| 102 | @aCN@b110000 | |
| 105 | @ay z 000yy | |
| 200 | 1 | @a新音乐@9xin yin yue@e1945以来的先锋派@f(英)雷金纳德·史密斯·布林德尔(Reginald Smith Brindle)著@g黄枕宇译 |
| 210 | @a北京@c人民音乐出版社@d2001@h2004 | |
| 215 | @a269页@d21cm | |
| 305 | @a据牛津大学出版社1987年版译出,该出版社授权出版 | |
| 330 | @a本书对二战以后先锋派音乐的发展状况作了比较细致、系统的介绍,内容包括历史背景、战后时期、对威伯恩的崇拜、先锋——点描派、整体序列主义等。 | |
| 510 | 1 | @aThe New Music@eThe Avant-Garde since 1945@zeng |
| 606 | 0 | @a先锋派@x音乐史@y世界@z现代 |
| 606 | 0 | @2CT@3S081150@a先锋派 |
| 606 | 0 | @2CT@3S088933@a音乐史 |
| 690 | @aJ609.15@v4 | |
| 701 | 1 | @a布林德尔@9bu lin de er@b雷金纳德·史密斯@4著 |
| 701 | 1 | @aBrindle@bReginald Smith@4著 |
| 702 | 0 | @a黄枕宇@9huang zhen yu@4译 |
| 801 | 0 | @aCN@bNLC@c20070803 |
| 905 | @a10447@dJ609.15@e487 | |
| 新音乐:1945以来的先锋派/(英)雷金纳德·史密斯·布林德尔(Reginald Smith Brindle)著/黄枕宇译.-北京:人民音乐出版社,2001(2004) |
| 269页;21cm |
| ISBN 7-103-02133-3:CNY17.00 |
| 本书对二战以后先锋派音乐的发展状况作了比较细致、系统的介绍,内容包括历史背景、战后时期、对威伯恩的崇拜、先锋——点描派、整体序列主义等。 |
| ● |
| 相关链接 |
|
|
|
|
正题名:新音乐
索取号:J609.15/487
 
预约/预借
| 序号 | 登录号 | 条形码 | 馆藏地/架位号 | 状态 | 备注 |
| 1 | 0801101 | 208011015 | 第一样本阅览室/ [索取号:J609.15/487] | 在馆 | |
| 2 | 0801221 | 208012210 | 第一借阅区/ [索取号:J609.15/487] | 在馆 | |
| 3 | 0801222 | 208012229 | 第一借阅区/ [索取号:J609.15/487] | 在馆 | |
| 4 | 0801223 | 208012238 | 第一借阅区/ [索取号:J609.15/487] | 在馆 | |
| 5 | 0801224 | 208012247 | 密集书库-音乐系/ [索取号:J609.15/487] | 在馆 |